| 000 | 00813nam a2200241Ia 4500 | ||
|---|---|---|---|
| 003 | OSt | ||
| 005 | 20221005112457.0 | ||
| 006 | a|||||r|||| 00| 0 | ||
| 007 | ta | ||
| 008 | 221004b |||||||| |||| 00| 0 pan d | ||
| 020 |
_a9789350684702 (hbk) _c350 |
||
| 024 | _a14026 | ||
| 037 |
_b879, 18/08/2014, H.K. Prakashan _cTextual |
||
| 040 |
_aCRL _cCRL _bpan |
||
| 041 |
_2pan _apan |
||
| 082 | _aDelta, 153Q3 | ||
| 100 |
_aਸਿੰਘ, ਸਵ ਸ ਮਹਿੰਦਰ _9624344 |
||
| 245 | 0 | _aਜੀਵਨ ਮੁਕਤ | |
| 260 |
_aਚੰਡੀਗੜ _bਲੋਕਗੀਤ ਪ੍ਰਕਾFਨ ਭਾਰਤ _c2013 |
||
| 300 |
_a272ਪੰ _ccm. |
||
| 942 |
_hDelta, 153Q3 _cTEXL _2cc |
||
| 999 |
_c1025002 _d1025002 |
||